Loading...

സൂര്യകാന്തി

Bibliographic Details
Main Authors: വേലായുധന്‍പിള്ള പി വി, Velayudhan Pillai P V
Format: Printed Book
Published: Trivandrum; Suryakanti Books; 2001
Edition:1st.
Subjects:
LEADER 00906nam a22001937a 4500
082 |a 894.M09  |b VEL/S P1 
100 |a വേലായുധന്‍പിള്ള പി വി  |9 138516 
100 |a Velayudhan Pillai P V  |9 254102 
240 |a Suryakanti 
245 |a സൂര്യകാന്തി 
250 |a 1st. 
260 |a Trivandrum;  |b Suryakanti Books;  |c 2001 
300 |a v+186p. 
650 |a മലയാളം; വിമര്‍ശനം, നിരൂപണം  |9 254103 
650 |a Malayalam; Criticism  |v    |9 254104 
942 |c BK 
999 |c 59639  |d 59639 
952 |0 0  |1 0  |4 0  |6 894_000000000000000_M09_VEL_S_P1  |7 0  |8 Cri  |9 71544  |a MAL  |b MAL  |d 2016-08-05  |e 46557  |g 90.00  |l 0  |o 894.M09 VEL/S P1  |p MAL046557  |r 2016-08-05  |t 1  |w 2016-08-05  |y BK 
952 |0 0  |1 0  |4 0  |6 894_000000000000000_M09_VEL_S_P11  |7 0  |8 Cri  |9 71545  |a MAL  |b MAL  |d 2017-01-07  |e 46557A  |g 90.00  |l 0  |o 894.M09 VEL/S P1;1  |p MAL046557A  |r 2017-01-07  |t 2  |w 2017-01-07  |y BK